Quiz de Marrocos - Statistics

Estatísticas Gerais
  • Esse quiz foi jogado 946 vezes
  • A pontuação média é 10 de 20
Estatísticas das Respostas
Dica Resposta % Correto
Línguas oficiais Árabe
96%
Países africanos fazendo fronteira com Marrocos Argélia
83%
Língua estrangeira que aproximadamente 35% dos marroquinos podem falar Francês
81%
Estreito entre Marrocos e Espanha Estreito de {Gibraltar}
75%
Países africanos fazendo fronteira com Marrocos Mauritânia
75%
Capital Rabat
71%
Maior cidade Casablanca
69%
Região, reivindicado por Marrocos, que algumas pessoas consideram ser um país Saara Ocidental
56%
Arquipélago espanhol no oeste de Marrocos Canárias
50%
Termo para os norte-africanos que invadiram a Espanha Mouros
47%
Nomeie um dos "exclaves" espanhóis fazendo fronteira com Marrocos Ceuta / Melilha
45%
Maiores cordilheiras (nomeie qualquer uma) Atlas / Rife
36%
Região no norte africano onde Marrocos está localizado (dica: começa com M) Magrebe
36%
Línguas oficiais Berbere
34%
Cidade que deu nome a um tipo de chapéu vermelho com uma borla Fez
33%
Animal nacional, extinto {Leão}-da-barbária
27%
Cidade mais ao norte de Marrocos, já foi uma zona internacional Tânger
27%
Prato nacional Cuscuz
26%
Civilização antiga que colonizou Marrocos antes de 1000 a.C. Fenícia
14%
Cidadelas cercadas por muros ou muralhas Casbá
11%
Nenhum quiz correspondente encontrado
Distribuição das Pontuações
Porcentagem de Pessoas com Cada Pontuação
Percentil de Números Respondidos
Sua Pontuação Histórica
Você não jogou esse quiz